000 00872nam a2200241 a 4500
999 _c9749
_d9749
001 9749
003 BD-JhCC
005 20180327093034.0
008 180324s19941999bg |||| ||a| 000 0 b d
020 _a9844100348
035 _a(BD-JhCC)9749
040 _aBD-JhCC
_dBD-JhCC
041 _aben
082 _a320.9
_bKAY 1994
100 _aকায়সার, শমী
245 _aশহীদুল্লা কায়সারের নির্বাচিত কলাম :
_bঊনত্তর থেকে একাত্তর /
_cশমী কায়সার, অমিতাভ কায়সার
260 _aঢাকা:
_bমাওলা ব্রাদার্স;
_c1994.
300 _a155 p. :
_c21 cm.
651 _aPolitices And Government
700 _aকায়সার, অমিতাভ
942 _2ddc
_cBK